000 00952nam a22002777a 4500
001 BR8703854
003 BR-BrBNA
005 20230928092635.0
007 ta
008 230509b bl.||||| |||| 00| 0 por d
040 _aBR-BrBNA
_bpor
_cBiblioteca Nacional de Agricultura
041 _a(Por)
072 _aQ04
_b1410
090 _ 1410 BR8703854
100 1 _aSantos, T.M. e
110 1 _aUniversidade Federal de Minas Gerais, Belo Horizonte (Brasil). Inst. de Ciencias Biologicas. Depto. de Bioquimica
_0Tese (Mestrado)
_910854
245 1 _aValor nutritivo e toxicidade de fracoes proteicas isoladas do feijao (Phaseolus vulgaris L.)
260 3 _aBelo Horizonte, MG (Brasil):
_c1971.
300 _a55 p.
500 _a(*) Documento disponível no(a) UFMG, Belo Horizonte, MG (Brazil). Biblioteca Central
650 _aFEIJAO
650 _aVALOR NUTRITIVO
650 _aPROTEINA
909 _a202309
_bLucia
_c55
_dLucia Elande
942 _cBK
999 _c40322
_d40322